| Tag |
First Indicator |
Second Indicator |
Subfields |
| LEADER |
00000cam a2200000 4500 |
| 001 |
in00002785675 |
| 005 |
20151202171706.0 |
| 008 |
700309s1968 dcua b 001 0 eng |
| 010 |
|
|
|a 79604828
|
| 035 |
|
|
|a (OCoLC)ocm00059217
|
| 035 |
|
|
|a (OCoLC)59217
|
| 040 |
|
|
|a DLC
|b eng
|c DLC
|d IAS
|d OCLCQ
|d BTCTA
|d OCLCG
|d GBVCP
|d UtOrBLW
|
| 043 |
|
|
|a n-us-ny
|
| 049 |
|
|
|a TXAM
|
| 050 |
0 |
0 |
|a QE75
|b .P9 no. 584-B
|
| 051 |
|
|
|a QE796
|b .B66
|c Copy 2.
|
| 082 |
0 |
0 |
|a 564/.8/09747
|
| 084 |
|
|
|a 13
|2 ssgn
|
| 086 |
0 |
|
|a I 19.16:584-B
|
| 100 |
1 |
|
|a Boucot, A. J.
|q (Arthur James),
|d 1924-
|
| 245 |
1 |
0 |
|a Brachiopods of the Bois Blanc Formation in New York /
|c by A.J. Boucot and J.G. Johnson.
|
| 264 |
|
1 |
|a Washington :
|b U.S. Govt. Print. Off,
|c 1968.
|
| 300 |
|
|
|a iii, 27 pages, 18 unnumbered pages :
|b illustrations ;
|c 29 cm.
|
| 336 |
|
|
|a text
|b txt
|2 rdacontent
|
| 337 |
|
|
|a unmediated
|b n
|2 rdamedia
|
| 338 |
|
|
|a volume
|b nc
|2 rdacarrier
|
| 490 |
1 |
|
|a Stratigraphy and paleontology of the Bois Blanc Formation in New York
|
| 490 |
1 |
|
|a Geological Survey professional paper 584-B
|
| 504 |
|
|
|a Bibliography: pages 21-23.
|
| 650 |
|
0 |
|a Brachiopoda, Fossil
|z New York (State)
|
| 650 |
|
0 |
|a Paleontology
|y Devonian.
|
| 650 |
|
0 |
|a Paleontology
|z New York (State)
|
| 700 |
1 |
|
|a Johnson, J. G.,
|e author.
|
| 830 |
|
0 |
|a Stratigraphy and paleontology of the Bois Blanc Formation in New York.
|
| 830 |
|
0 |
|a Geological Survey professional paper ;
|v 584-B.
|
| 948 |
|
|
|a cataloged
|b h
|c 2012/12/6
|d c
|e mvaldespin
|f 12:19:54 pm
|
| 994 |
|
|
|a C0
|b TXA
|
| 999 |
|
|
|a MARS
|
| 999 |
f |
f |
|s 03a287fb-c0ef-31fe-9e0d-c8389b0f0c50
|i 5e91ef2d-0134-36da-90f3-2f4b61a8e9b9
|t 0
|
| 952 |
f |
f |
|p normal
|a Texas A&M University
|b College Station
|c Sterling C. Evans Library
|d Evans: US Documents (Annex 5th floor)
|t 0
|e I 19.16:584-587
|h Superintendent of Documents classification
|i unmediated -- volume
|m A14839368301
|
| 952 |
f |
f |
|a Texas A&M University
|b College Station
|c Sterling C. Evans Library
|d Evans: US Documents (Annex 5th floor)
|t 0
|e I 19.16:584-587
|h Superintendent of Documents classification
|
| 998 |
f |
f |
|a I 19.16:584-587
|t 0
|l Evans: US Documents (Annex 5th floor)
|